000 00642nam a2200241Ia 4500
001 21720
003 GE_BSU
008 181216s||||||||xx |||||||||||||| ||und||
020 _a9783929526899
040 _cGE_BSU
080 _a811.112
100 _aBuscha, Anne. Szita,Szilvia
245 _aBegegnungen. Deutsch als fremdsprache. A2+
245 _bIntegriertes Kurs-und Arbeitsbuch
260 _aLeipzig
260 _bSchubert-Verlag
260 _c2010
300 _a266 p. 30 cm.
541 _h8ლ.60თ.
653 _aBegegnungen. Deutsch als fremdsprache. A+
653 _aIntegriertes Kurs-und Arbeitsbuch A2+
942 _cBK
999 _c54653
_d54653